LEADER 01079nam1 22002531i 450 001 UON00177590 005 20231205103118.965 100 $a20030730f |0itac50 ba 101 $aspa 102 $aES 105 $a|||| ||||| 200 1 $aObras completas$fRubén Darío$gordenadas y prologadas por Alberto Ghiraldo y Andrés González-Blanco 210 $aMadrid$cimpr. Hernandez y Galo Sáez. 463 1$1001UON00219735$12001 $aPoemas en prosa$fRubén Darío$1210 $aMadrid$cimpr. G. Hernandez y Galo Sáez$ds.d. 230 p. ; 19 cm.$v8 620 $aES$dMadrid$3UONL000218 676 $aGu861$cLetteratura guatemalteca. Poesia$v21 712 $aAguilar$3UONV248954$4650 712 $aHernandez y Galo Sáez$3UONV268614$4650 801 $aIT$bSOL$c20240220$gRICA 899 $aSIBA - SISTEMA BIBLIOTECARIO DI ATENEO$2UONSI 912 $aUON00177590 950 $aSIBA - SISTEMA BIBLIOTECARIO DI ATENEO$dSI Isp.A Gu 860 a AST 1-3 $eSI SP 4343 7 AST 1-3 996 $aObras completas$9697297 997 $aUNIOR LEADER 01059cam0-2200349---450 001 990004201720403321 005 20251021134649.0 010 $a88-222-4464-8 035 $a000420172 035 $aFED01000420172 035 $a(Aleph)000420172FED01 035 $a000420172 100 $a19990604d1997----km-y0itay50------ba 101 2 $aita$alat 102 $aIT 105 $ay-------001zy 200 1 $aExpositiones in psalmos$fIoannis Pici Mirandulae$ga cura di Antonino Raspanti$gtraduzione italiana di Antonino Raspanti e Giacomo Raspanti 210 $aFirenze$cS. Olschki$d1997 215 $a286 p.$d24 cm 225 1 $aStudi pichiani$v4 676 $a223.206$v22$zita 676 $a274.102 700 1$aPico della Mirandola,$bGiovanni$f<1463-1494>$0280545 702 1$aRaspanti,$bAntonino 702 1$aRaspanti,$bGiacomo 801 0$aIT$bUNINA$gRICA$2UNIMARC 901 $aBK 912 $a990004201720403321 952 $a191.12 PICO 8$bBibl. 24063$fFLFBC 959 $aFLFBC 996 $aExpositiones in psalmos$9483585 997 $aUNINA